Leçons d'analyse grammaticale, contenant des préceptes sur l'art d'analyser et des exercices et des sujets d'analyse grammaticale, gradués et calqués sur les préceptes

Gespeichert in:
Bibliographische Detailangaben
1. Verfasser: CHAPSAL [Charles Pierre]/NOËL [François] Professeur de grammaire générale, chevalier de la Légion d'honneur/Inspecteur général de l'université, chevalier de la Légion d'honneur
Format: keine Angabe
Sprache:Französisch
Erschienen: Bruxelles Société nationale pour la propagation des bons livres 1866
Ausgabe:édition spéciale, autorisée pour la Belgique et les Pays-Bas, et interdite en France
Katalog:MANES:  Suchergebnis im Bibliothekskatalog
Schulbuchspezifische Eigenschaften:
Schlagworte:
Tags: Tag hinzufügen
Keine Tags, Fügen Sie den ersten Tag hinzu!
Hinzugefügt zu:26.04.2016

MARC

LEADER 000000000a22000000004500
001 24012
008 160427s be ||||| |||| 00| 0 fre d
040 |a manes  |c manes 
041 |a Francés 
100 1 |a CHAPSAL [Charles Pierre]/NOËL [François]  |b Professeur de grammaire générale, chevalier de la Légion d'honneur/Inspecteur général de l'université, chevalier de la Légion d'honneur 
245 0 0 |a Leçons d'analyse grammaticale, contenant des préceptes sur l'art d'analyser et des exercices et des sujets d'analyse grammaticale, gradués et calqués sur les préceptes 
250 |a édition spéciale, autorisée pour la Belgique et les Pays-Bas, et interdite en France 
260 3 |a Bruxelles  |b Société nationale pour la propagation des bons livres  |c 1866 
300 |a III+235 p. 
500 |a CaA, 1839  |a L'ouvrage que nous offrons au public peut être considéré comme le complément de notre Nouvelle grammaire française, puisqu'il présente le développement et l'application des principes contenus dans la première partie de cette grammaire (I) 
546 |a Bélgica 
650 7 |a Lenguaje 
655 7 |a Primaria  |a Secundaria 
942 |2 ddc  |c BK 
999 |c 46340  |d 46340 
999 |c manes:46340  |d 46340